Années 1920 - Statistiques

Statistiques générales
  • Ce quiz a été pris 125 fois
  • Le résultat moyen est 11 sur 18
Statistiques - réponses
Question Réponse % Correct
Ce dirigeant soviétique meurt en 1924 Lénine
94%
Il prend le pouvoir en Italie Mussolini
94%
Année de ce krach économique majeur 1929
93%
Hitler rédige ce livre en prison Mein Kampf
88%
Il est le gangster le plus connu de Chicago Al Capone
71%
Cette ville accueille les Jeux Olympiques de 1924 Paris
71%
Il a une canne, un chapeau melon et une moustache Chaplin
69%
Son tombeau supposément maudit est retrouvé Toutankhamon
69%
Cet antibiotique est trouvé par hasard par Alexander Flemming Pénicilline
68%
Cet état s'émancipe du Royaume-Uni en 1921 Irlande
59%
Chrononyme désignant cette période en France Années folles
48%
Cette danseuse américaine devient célèbre sur les Champs-Elysées grâce à son charleston Baker
47%
Cet illusionniste meurt après s'être pris un coup de poing dans l'estomac Houdini
38%
Il est le premier à relier New-York à Paris en avion Lindberg
36%
C'est le nom du gouvernement allemand pendant cette période République de Weimar
36%
Ce mouvement artistique apparaît avec comme avant-garde Breton, Cocteau ou Ernst Surréaliste
35%
La France et la Belgique occupent ce territoire allemand pour rembourser les réparations de guerre Ruhr
33%
Il est connu sous le pseudonyme de Satchmo Armstrong
16%
Aucun quiz correspondant
Distribution des résultats
% des personnes avec chaque résultat
Percentile par nombre de réponses
Votre historique - résultats
Vous n’avez pas pris ce quiz